| 000 | 01281nam a2200349 a 4500 | ||
|---|---|---|---|
| 003 | DO-SdBNP | ||
| 005 | 20220119100342.0 | ||
| 008 | 110128s2010 dr 000 0 spa d | ||
| 020 | _a9789945074024 | ||
| 040 |
_aDO-SdBNP _bspa _cBPMSU |
||
| 082 |
_a378.97293 _bG463e 2010 _222 |
||
| 100 | 1 |
_aGil Arantegui, Malaquías _d1912- |
|
| 245 | 1 | 0 |
_aEscritos pedagógicos / _cMalaquías Gil Arantegui |
| 250 | _a2a ed. | ||
| 260 |
_aSanto Domingo : _bComisión Permanente de Efemérides Patrias, _c2010. |
||
| 300 |
_a257 p. ; _c23 cm. |
||
| 490 | 0 |
_aArchivo General de la Nación, _a109 |
|
| 500 | _aIncluye índice onomástico | ||
| 500 | _aIncluye datos biográficos del autor en las solapas | ||
| 500 | _aIncluye referencias bibliográficas y notas al pie de las páginas | ||
| 590 | _6Inventariado, 2022/VM | ||
| 650 |
_aEducación. _xHistoria _zRepública Dominicana |
||
| 650 | 4 | _aFilosofía de la educación. | |
| 650 | 4 | _aPedagogía. | |
| 710 | 2 | _aComisión Permanente de Efemérides Patrias (República Dominicana) | |
| 710 | 2 | _aArchivo General de la Nación (República Dominicana) | |
| 810 | z |
_aRepública Dominicana. _bArchivo General de la Nación |
|
| 810 | z | _aAGN | |
| 830 | _aArchivo General de la Nación | ||
| 910 | _aVMateo V. | ||
| 942 |
_2ddc _cBK |
||
| 999 |
_c13962 _d13962 |
||